| 000 -LEADER |
| fixed length control field |
01381nam a22003977a 4500 |
| 001 - CONTROL NUMBER |
| control field |
11651763 |
| 003 - CONTROL NUMBER IDENTIFIER |
| control field |
LIBRIS |
| 005 - DATE AND TIME OF LATEST TRANSACTION |
| control field |
20210421055835.0 |
| 008 - FIXED-LENGTH DATA ELEMENTS--GENERAL INFORMATION |
| fixed length control field |
091026s1988 nyua b 000 0 eng c |
| 020 ## - INTERNATIONAL STANDARD BOOK NUMBER |
| International Standard Book Number |
0060971878 |
| 020 ## - INTERNATIONAL STANDARD BOOK NUMBER |
| International Standard Book Number |
9780060971878 |
| 035 ## - SYSTEM CONTROL NUMBER |
| System control number |
(OCoLC)18970703 |
| 040 ## - CATALOGING SOURCE |
| Original cataloging agency |
KCE |
| Transcribing agency |
KCE |
| Modifying agency |
OCL |
| -- |
KKS |
| -- |
BTCTA |
| -- |
YDXCP |
| -- |
BAKER |
| -- |
OCLCG |
| -- |
Vo |
| 041 ## - LANGUAGE CODE |
| Language code of text/sound track or separate title |
eng |
| 080 ## - UNIVERSAL DECIMAL CLASSIFICATION NUMBER |
| Universal Decimal Classification number |
61 (09) |
| Item number |
O-12 |
| 082 04 - DEWEY DECIMAL CLASSIFICATION NUMBER |
| Classification number |
809 |
| Item number |
O12b |
| 084 ## - OTHER CLASSIFICATION NUMBER |
| Classification number |
G.04 |
| Number source |
kssb/8 |
| 100 1# - MAIN ENTRY--PERSONAL NAME |
| Personal name |
Ober, William B., |
| Dates associated with a name |
1920- |
| 245 10 - TITLE STATEMENT |
| Title |
Boswell's clap and other essays : |
| Remainder of title |
medical analyses of literary men's afflictions / |
| Statement of responsibility, etc. |
by William B. Ober. |
| 250 ## - EDITION STATEMENT |
| Edition statement |
1. Perennial Library ed. |
| 260 ## - PUBLICATION, DISTRIBUTION, ETC. |
| Place of publication, distribution, etc. |
New York : |
| Name of publisher, distributor, etc. |
Harper & Row, |
| Date of publication, distribution, etc. |
1988. |
| 300 ## - PHYSICAL DESCRIPTION |
| Extent |
xiv, 289 p. : |
| Other physical details |
ill. ; |
| Dimensions |
21 cm. |
| 365 ## - TRADE PRICE |
| Price amount |
8.95 usd |
| 500 ## - GENERAL NOTE |
| General note |
Reprint. Originally published: Carbondale : Southern Illinois University Press, c1979. |
| 504 ## - BIBLIOGRAPHY, ETC. NOTE |
| Bibliography, etc. note |
Bibliography: p. 271-289. |
| 650 #0 - SUBJECT ADDED ENTRY--TOPICAL TERM |
| Topical term or geographic name entry element |
Medicine |
| Form subdivision |
Case studies. |
| 650 #0 - SUBJECT ADDED ENTRY--TOPICAL TERM |
| Topical term or geographic name entry element |
History of Medicine |
| 9 (RLIN) |
335 |
| 650 #0 - SUBJECT ADDED ENTRY--TOPICAL TERM |
| Topical term or geographic name entry element |
Authors |
| General subdivision |
Diseases and hygiene |
| Form subdivision |
Case studies. |
| 650 #0 - SUBJECT ADDED ENTRY--TOPICAL TERM |
| Topical term or geographic name entry element |
Authors |
| Form subdivision |
Biography. |
| 650 #0 - SUBJECT ADDED ENTRY--TOPICAL TERM |
| Topical term or geographic name entry element |
Literature and medicine. |
| 653 ## - INDEX TERM--UNCONTROLLED |
| Uncontrolled term |
მედიცინის ისტორია |
| 653 ## - INDEX TERM--UNCONTROLLED |
| Uncontrolled term |
ლიტერატურა და მედიცინა |
| 942 ## - ADDED ENTRY ELEMENTS (KOHA) |
| Source of classification or shelving scheme |
|
| Koha item type |
Books |
| Edition |
1 |